Statistics for Name the Capital of these countries

Click here to take the quiz!

General Stats

  • This quiz has been taken 8 times
  • The average score is 13 of 15

Answer Stats

CountryCapital% Correct
United KingdomLondon
100%
RussiaMoscow
100%
AustraliaCanberra
100%
DenmarkCopenhagen
100%
GermanyBerlin
100%
Chinabeijing
100%
AustriaVienna
100%
South AfricaCape Town
88%
New ZealandWellington
88%
VenezuelaSantiego de Leon de Caracas
88%
CanadaOttawa
88%
MaldivesMalé
63%
SeychellesVictoria
50%
NamibiaWindhoek
50%
GambiaBanjul
38%

Score Distribution

Percentile by Number Answered

Percent of People with Each Score

Your Score History

You have not taken this quiz